000 01099nam a2200325 c 4500
001 57600
003 CO-BoRNBP
005 20250714124855.0
007 ta
008 231129s2023 ck a|||br6||| 00| | spa d
020 _a9786287609112
040 _aCO-BoRNBP
_bspa
_erda
_cCO-BoRNBP
041 0 _aspa
043 _as-ck---
084 _aC
100 1 _aDa Coll, Ivar,
_d1962-
_eaut
_eill
_92446
245 1 0 _aJazmín /
_cIlustraciones y texto Ivar Da Coll.
250 _aEdición especial
264 1 _aBogotá, Colombia :
_bBabel,
_c2023
300 _a123 páginas :
_bilustraciones en blanco y negro
336 _atexto
_btxt
_2rdacontent
337 _asin mediación
_bn
_2rdamedia
338 _avolumen
_bnc
_2rdacarrier
521 1 _aRecomendado para un público infantil a partir de los 6 años
650 0 7 _aAnimales en la literatura
_2lemb
_9853
650 0 7 _aCuentos infantiles colombianos
_ysiglo xxi
_2lemb
_9965
650 0 7 _aLiteratura infantil colombiana
_ysiglo xxi
_2lemb
_9966
650 0 7 _aTiras cómicas, historietas, etc
_ysiglo xxi
_zColombia
_2lemb
_961106
942 _2loc
_cBKLITI
999 _c57600
_d57600